De vuelta a la economía de la gran depresión y la crisis del 2008 (Registro nro. 5048)

Detalles MARC
000 -LEADER
fixed length control field 01174 a2200241 4500
001 - CONTROL NUMBER
control field 53039
005 - DATE AND TIME OF LATEST TRANSACTION
control field 20260407155804.0
008 - FIXED-LENGTH DATA ELEMENTS--GENERAL INFORMATION
fixed length control field 260407a2009 arg spa d
003 - CONTROL NUMBER IDENTIFIER
control field AR-UNSa-BCEJYS
040 ## - CATALOGING SOURCE
Original cataloging agency AR-UNSa-BCEJYS
Language of cataloging spa
Transcribing agency AR-UNSa-BCEJYS
080 ## - UNIVERSAL DECIMAL CLASSIFICATION NUMBER
Universal Decimal Classification number 338.1
Common auxiliary subdivision Situación económica. Ciclos. Desarrollo de la estructura económica
020 ## - INTERNATIONAL STANDARD BOOK NUMBER
International Standard Book Number 978-958-45-1732-6
041 ## - LANGUAGE CODE
Language code of text/sound track or separate title spa
100 1# - MAIN ENTRY--PERSONAL NAME
Personal name Krugman, Paul R.
245 10 - TITLE STATEMENT
Title De vuelta a la economía de la gran depresión y la crisis del 2008
264 #1 - PRODUCTION, PUBLICATION, DISTRIBUTION, MANUFACTURE, AND COPYRIGHT NOTICE
Place of production, publication, distribution, manufacture Bogotá :
Name of producer, publisher, distributor, manufacturer Grupo Editorial Norma
Date of production, publication, distribution, manufacture, or copyright notice 2009
300 ## - PHYSICAL DESCRIPTION
Extent 196 p.
Dimensions 23 cm.
505 ## - FORMATTED CONTENTS NOTE
Formatted contents note 1. "El problema central ha sido resuelto" - 2. Advertencia ignorada: la crisis de América Latina - 3. La trampa de Japón - 4. El derrumbe de Asia - 5. La perversidad de las políticas - 6. Amos del universo - 7. Las burbujas de Greenspan - 8. La banca de las sombras - 9. La suma de todos los temores - 10. De vuelta ala economía de la gran depresión
590 ## - LOCAL NOTE (RLIN)
Local note niveau_biblio:m niveau_hierar:0
700 1# - ADDED ENTRY--PERSONAL NAME
Personal name Recamán Santos, Bernardo
856 41 - ELECTRONIC LOCATION AND ACCESS
Uniform Resource Identifier <a href="https://www.biblioeco.unsa.edu.ar/pmb/images/libros/L128395.jpg">https://www.biblioeco.unsa.edu.ar/pmb/images/libros/L128395.jpg</a>
Link text Imagen de portada
Electronic format type image/jpeg
942 ## - ADDED ENTRY ELEMENTS (KOHA)
Koha item type
Existencias
Withdrawn status Lost status Damaged status Not for loan Home library Current library Shelving location Date acquired Total checkouts Full call number Barcode Date last seen Price effective from Koha item type
        Biblioteca Prof. Eusebio Cleto del Rey Biblioteca Prof. Eusebio Cleto del Rey   07/04/2026   338.1 K94 L128395 07/04/2026 07/04/2026 Libro